K G Kundanagara ondu adhyayana. (Record no. 114974)
[ view plain ]
| 000 -LEADER | |
|---|---|
| fixed length control field | 00658nam a2200205Ia 4500 |
| 003 - CONTROL NUMBER IDENTIFIER | |
| control field | OSt |
| 005 - DATE AND TIME OF LATEST TRANSACTION | |
| control field | 20251104162737.0 |
| 008 - FIXED-LENGTH DATA ELEMENTS--GENERAL INFORMATION | |
| fixed length control field | 210210b2000 xxu||||| |||| 00| 0 eng d |
| 040 ## - CATALOGING SOURCE | |
| Transcribing agency | AL |
| 041 ## - LANGUAGE CODE | |
| Language code of text/sound track or separate title | Kannada |
| 082 ## - DEWEY DECIMAL CLASSIFICATION NUMBER | |
| Classification number | K894.9 SADK |
| 100 ## - MAIN ENTRY--PERSONAL NAME | |
| Personal name | SADANANDA BILLURA. |
| Dates associated with a name | ಸದಾನಂದ ಬಿಲ್ಲೂರ |
| 9 (RLIN) | 243888 |
| 245 ## - TITLE STATEMENT | |
| Title | K G Kundanagara ondu adhyayana. |
| Remainder of title | ಕೆ ಜಿ ಕುಂದಣಗಾರ ಒಂದು ಅಧ್ಯಯನ. |
| 260 ## - PUBLICATION, DISTRIBUTION, ETC. | |
| Place of publication, distribution, etc. | Belagavi |
| Name of publisher, distributor, etc. | Virashaiva adhyayana academy |
| Date of publication, distribution, etc. | 2000 |
| 300 ## - PHYSICAL DESCRIPTION | |
| Extent | 462 |
| 650 ## - SUBJECT ADDED ENTRY--TOPICAL TERM | |
| Topical term or geographic name entry element | Kundanagara Ke Ji Ph.D Thesis |
| 9 (RLIN) | 243889 |
| 690 ## - LOCAL SUBJECT ADDED ENTRY--TOPICAL TERM (OCLC, RLIN) | |
| Topical term or geographic name as entry element | Kannada Criticism |
| 9 (RLIN) | 243890 |
| 906 ## - LOCAL DATA ELEMENT F, LDF (RLIN) | |
| a | SG04251 |
| 942 ## - ADDED ENTRY ELEMENTS (KOHA) | |
| Source of classification or shelving scheme | Dewey Decimal Classification |
| Koha item type | Book |
| Withdrawn status | Lost status | Source of classification or shelving scheme | Damaged status | Not for loan | Collection code | Home library | Current library | Shelving location | Date acquired | Source of acquisition | Cost, normal purchase price | Total Checkouts | Full call number | Barcode | Date last seen | Price effective from | Koha item type |
|---|---|---|---|---|---|---|---|---|---|---|---|---|---|---|---|---|---|
| Dewey Decimal Classification | Kannada | St Aloysius Library | St Aloysius Library | 02/17/2021 | Karnataka Vishvavidyalya, Dharavada. | 0.00 | K894.9 SADK | SG04251 | 02/17/2021 | 02/17/2021 | Special Grants |